000 00391pam a2200145 a 4500
020 _a978-0-07-064778-7
_c
041 _h
082 _a620.1
100 _aKleppner D. & Kolenkow R.
_eAuthor
245 _aAn Introduction to Mechanics.
_cKleppner D. & Kolenkow R.
_hTextual Documents
250 _a1st ED
260 _bMcGraw Hill Education Pvt. Ltd
_c2017
300 _a546
930 _a160
999 _c244391
_d244391